Toutes les écurie de formule 1 par logo - Statistics

General Stats
  • This quiz has been taken 53 times
  • The average score is 23 of 135
Answer Stats
Picture Hint Answer % Correct
1950 - now | Italie Ferrari
100%
1950 - 1985 | 2018 - 2023 | Italie Alfa Romeo
96%
1964 - 1968 | 2006 - 2008 | Japon Honda
84%
1959 - 1960 | 2021 - now | Royaume-Uni Aston Martin
82%
2026 - now Cadillac
82%
1958 - 1964 | Allemagne Porsche
80%
2005 - now | Autriche Red Bull
80%
1977 - 1985 | 2002 - 2011 | 2016 - 2020 | France Renault
80%
2021 - now | France Alpine
78%
2026 - now Audi
78%
1952 - 1953 | Allemagne Bayerische Motoren Werke
78%
2016 - now | États-Unis Haas
78%
1954 - 1955 | 2010 - now | Allemagne Mercedes
78%
1977 - now | Royaume-Uni Williams
78%
2006 - 2010 | Allemagne BMW
76%
1950 - 1957 | Italie Maserati
72%
1966 - now | Royaume-Uni McLaren
72%
2019 - 2023 | Italie Alpha Tauri
68%
2024 - now Racing Bulls
64%
1958 | France Bugatti
58%
1959 - 1994 | Royaume-Uni Lotus
58%
2000 - 2004 | Royaume-Uni Jaguar
54%
2012 - 2015 | Royaume-Uni Lotus
52%
2006 - 2019 | Italie Toro Rosso
52%
2008 - 2018 Force India
40%
1954 - 1955 | Italie Lancia
40%
2018 - 2020 | Royaume-Uni Racing Point
40%
1993 - 2005 | 2011 - 2018 | 2024 - 2025 | Suisse Sauber
36%
1986 - 2001 | Italie Benetton
30%
2010 - 2012 | Espagne HRT
26%
1976 - 1996 | France Ligier
22%
2009 | Royaume-Uni Brawn GP
20%
2010 - 2014 | Malaisie Caterham
20%
2012 - 2015 | Russie Marussia
20%
1950 - 1969 | Royaume-Uni Cooper
16%
2016 | Royaume-Uni Manor
16%
1950 - 1951 | France Talbot
14%
2002 - 2009 | Japon Toyota
14%
1985 - 2005 | Italie Minardi
12%
1956 - 1962 | Royaume-Uni Emeryson
10%
1997 - 2001 | France Prost GP
10%
2010 - 2011 | Russie Virgin
10%
1999 - 2005 | Royaume-Uni British American Racing (BAR)
8%
1988 - 1992 | Italie Dallara
8%
1961 - 1970 | Italie De Tomaso
8%
1991 - 2005 | Irlande Jordan
8%
2007 | Netherland Spyker
8%
1963 - 1964 | Royaume-Uni British Racing Partnership (BRP)
6%
1974 - 1978 | Royaume-Uni Hesketh
4%
1950 - 1953 | France Simca
4%
2006 - 2008 | Japon Super Aguri
4%
1992 | France Venturi
4%
1950 - 1951 | Royaume-Uni Alta
2%
1978 - 2002 | Royaume-Uni Arrows
2%
1977 - 1984 | Allemagne Auto Technisches Spezialzubelhör (ATS)
2%
1951 - 1977 | Royaume-Uni British Motor Racing (BRM)
2%
1966 - 1969 | États-Unis Eagle
2%
1955 - 1962 | Belgique Equipe Nationale Belge
2%
1961 - 1963 | Royaume-Uni Gilby
2%
1952 - 1956 | France Gordini
2%
1985 - 1986 | États-Unis Haas Lola
2%
1973 - 1975 | Italie Iso
2%
1954 | Allemagne Klenk
2%
1990 - 1991 | Royaume-Uni Leyton House
2%
1990 | Italie Life
2%
1966 - 1972 | France Matra
2%
2006 | Russie Midland
2%
1994 - 1995 | Royaume-Uni Pacific
2%
1994 - 1995 | Royaume-Uni Simtek
2%
1983 - 1985 | Royaume-Uni Spirit
2%
1997 - 1999 | Royaume-Uni Stewart GP
2%
1970 - 1998 | Royaume-Uni Tyrrell
2%
1954 - 1960 | Royaume-Uni Vanwall
2%
1951 - 1953 | Allemagne Veritas
2%
1952 - 1953 | Allemagne Alex von Falkenhausen Motorenbau (AFM)
0%
1974 | NZ Amon
0%
1992 | Italie Andrea Moda
0%
1977 | Suisse Apollon
0%
1986 - 1991 | France Automobiles Gonfaronnaises Sportives (AGS)
0%
1963 | Italie Automobili Turismo e Sport (ATS)
0%
1970 - 1971 | Italie Belllasi
0%
1988 - 1994 | Italie BMS
0%
1976 - 1977 | Royaume-Uni Boro
0%
1962 - 1992 | Royaume-Uni Brabham
0%
1987 - 1991 | Italie Coloni
0%
1950 - 1959 | Royaume-Uni Connaught
0%
1972 | Royaume-Uni Connew
0%
1972 | Allemagne Eifelland Racing
0%
1953 | Eastern Germany Eisenacher Motorenwerk
0%
1973 - 1975 Embassy
0%
1950 - 1952 | Royaume-Uni English Racing Automobiles (ERA)
0%
1973 - 1982 | Royaume-Uni Ensign
0%
1988 - 1990 | Italie Eurobrun
0%
1961 | Royaume-Uni Ferguson
0%
1975 - 1982 | Brésil Fittipaldi
0%
1991 - 1992 | Italie Fondmetal
0%
1995 - 1996 | Italie Forti Corse
0%
1952 | Royaume-Uni Frazer Nash
0%
1950 - 1951 | Royaume-Uni Hersham and Walton (HWM)
0%
1959 - 1961 | Royaume-Uni JBW
0%
1976 - 1977 | Japon Kojima
0%
1950 - 1960 | États-Unis Kurtis Kraft
0%
1987 - 1991 | France Larrousse
0%
1962 - 1968 | Afrique du Sud LDS
0%
1977 | Royaume-Uni LEC
0%
1975 | Royaume-Uni Lyncar
0%
1970 - 1992 | Royaume-Uni March
0%
1978 | France Martini
0%
1991 | Italie Modena
0%
1990 | Suisse Monteverdi
0%
1989 - 1990 | Royaume-Uni Onyx
0%
1951 - 1953 | Italie O.S.C.A.
0%
1980 - 1990 | Italie Osella
0%
1974 - 1977 | États-Unis Penske
0%
1972 | Royaume-Uni Politoys
0%
1984 - 1985 | Royaume-Uni RAM
0%
1983 | Royaume-Uni RAM March
0%
1979 | Royaume-Uni Rebaque
0%
1988 - 1989 | Allemagne Rial
0%
1960 | États-Unis Scarab
0%
1963 - 1964 | États-Unis Scirocco-Powell
0%
1973 - 1980 | Royaume-Uni | États-Unis Shadow
0%
1966 | Royaume-Uni Shannon
0%
1963 | Canada Stebro
0%
1970 - 1978 | Royaume-Uni Surtees
0%
1978 - 1979 | Italie Team Merzario
0%
1972 - 1973 | Italie Tecno
0%
1978 - 1983 | Hong Kong Theodore
0%
1974 | Royaume-Uni Token
0%
1981 - 1985 | Royaume-Uni Toleman
0%
1974 | Royaume-Uni Trojan Tauranac
0%
1974 - 1976 | États-Unis Vel's Parnelli Jones
0%
1977 - 1979 | Canada Walter Wolf
0%
1952 | Royaume-Uni WS Aston
0%
1985 - 1989 | Allemagne Zakspeed
0%
No matching quizzes found
Score Distribution
Percent of People with Each Score
Percentile by Number Answered
Your Score History
You have not taken this quiz